000 00986nam a2200229Ia 4500
999 _c39783
_d39783
001 6388
003 GE_BSU
005 20191210151617.0
008 181216s2004||||ge |||||||||||||| ||geo||
040 _cGE_BSU
041 _ageo
080 _a31(075.8) გ-12
100 _aგაბიძაშვილი, ბიკენტი
_95072
245 _aფისკალური სტატისტიკა /
_cბიკენტი გაბიძაშვილი; რედაქტორი: ს. გელაშვილი.
264 _aთბილისი :
_bშპს "ალტა,
_c2004.
300 _a105 გვ.;
_b20 სმ.
653 _aსაგადასახადო-საბიუჯეტო საკითხები საქართველოში
653 _aსტატისტიკა
653 _aეკონომიკა
700 _aგელაშვილი, ს.
_eრედაქტორი
_95758
942 _cBK
_2udc